00743nam a2200241 a 450000100060000000300080000600500170001400800410003102000280007203500140010004000320011404100080014608200280015424501070018226000400028930000250032950000200035450400300037465000320040465000270043670000190046370000190048259788BD-RjUL20211209080753.0161227s1976 enk b 001 0 eng  a0397473540.a0397473524 a(BD-RjUL) aDLCcDLCdDLCdBD-RjULbeng aeng00a363.20973223bPOL 197600aPolice-community relations :bimages, roles, realities /cedited by Alvin W. Cohn and Emilio C. Viano. aPhiladelphia :bLippincott,cc1976. axi, 635 p. ;c24 cm. aIncludes index. aBibliography: p. 605-626. 0aPolice-community relations. 0aPolicezUnited States.1 aCohn, Alvin W.1 aViano, Emilio.